Click the Original - Live-Action Movies #1 - Statistics

General Stats
  • This quiz has been taken 92 times
  • The average score is 8 of 12
Answer Stats
Question Answer % Correct
Home Alone
91%
Back to the Future
89%
Harry Potter
87%
Saw
85%
Indiana Jones
77%
The Lord of the Rings
72%
Star Wars
66%
Jurassic Park
62%
Alien
61%
Transformers
52%
James Bond
43%
Fast & Furious
33%
No matching quizzes found
Score Distribution
Percent of People with Each Score
Percentile by Number Answered
Your Score History
You have not taken this quiz